000 00790nam a2200217 i 4500
001 123365
003 ES-MaACL
005 20230906192147.0
007 t|
008 070214s1972 sp |||| | spa d
100 1 _aRad, Gerhard von.
_994901
245 1 0 _aTeología del Antiguo Testamento /
_cGerhard von Rad ; edición preparada por Luis Alonso Schökel.
260 _aSalamanca :
_bSígueme,
_c1972.
300 _a2 v. (591 p.; 567 p.) ;
_c22 cm.
505 8 _aContiene: I ;
_tTeología de las tradiciones históricas de Israel - II ;
_tTeología de las tradiciones proféticas de Israel
630 0 4 _aBiblia.
_pA.T.-
_xTeología.
_9167082
700 1 _aAlonso Schökel, Luis.
_9181472
852 _aES-MaACL
_jE-9174-75
852 _aES-MaACL
_jL-180-81
999 _c123365
_d123365